Rozhodnutia európskych regulátorov v oblasti účtovníctva

Rozhodnutia európskych regulátorov v oblasti účtovníctva

Na minha lista:
Detalhes bibliográficos
Autor principal: Tumpach, Miloš, 1970-
Formato: Capítulo de Livro
Idioma:eslovaco
Assuntos:
Tags: Adicionar Tag
Sem tags, seja o primeiro a adicionar uma tag!

MARC

LEADER 00000nla$a2200000$$$4500
001 0128607
005 20240502072455.6
041 0 |a slo 
044 |a SK 
245 1 0 |a Rozhodnutia európskych regulátorov v oblasti účtovníctva  |c Miloš Tumpach 
520 |a Rozhodnutia európskych regulátorov v oblasti účtovníctva 
610 2 0 |a štandardy účtovné medzinárodné 
610 2 0 |a Európska únia 
610 2 0 |a účtovníctvo 
100 1 |a Tumpach, Miloš, 1970-